000 01168cam a22003377a 4500
003 CHAP
005 20220817042602.0
008 971013s1971 r 00010 d
010 _a48887
011 _a49859
035 _a54009
040 _cCHAP
090 _aFolleto 7692y
100 0 0 _aPerroux, Francois.
245 1 3 _aLa creación colectiva en la economía de nuestro tiempo
260 _aMéxico :
_bUNAM,
_c1971
300 _a38 p.
490 0 _aSeminario de problemas científicos y filósoficos. Supl. III/10
590 _aBATCH-UPD
_b10
_c20130110
_lUCH01
_h0111
590 _aBATCH-UPD
_b10
_c20130110
_lUCH01
_h1553
590 _aBATCH-UPD
_b10
_c20130410
_lUCH01
_h0951
590 _aBATCH-UPD
_b10
_c20130914
_lUCH01
_h1231
590 _aCONVERSION
_b10
_c20130109
_lUCH01
_h1327
650 1 4 _aEconomía
_xFilosofía.
_935237
710 0 _aUniversidad Nacional Autónoma de México.
830 0 _aSeminario de problemas científicos y filósoficos. Supl. III/10
_9104078
901 _aBK
942 _cFOLL
949 _aFolleto 7692y
_bBC
_cFOLL
_d-119403
_eTS1
_i54009
_si
_t10.00
949 _aFolleto 7692y
_bBC
_cFOLL
_d-119404
_eTS2
_fc.2
_i54009
_si
_t10.00
999 _c48887
_d48887